000 00673nam a2200241 i 4500
001 C2-0307729
003 PPAK
005 20180728094442.0
008 110323s1949 si a|||| ||||| | may d
040 _aPPAK
_beng
_cPPAK
_erda
082 0 4 _a059.9923
_223
090 0 0 _a059.9923
_bKEN
_dKK
245 0 0 _aKenchana
_bMajalah Kebangsaan Melayu
264 1 _aSingapura :
_bMIBS ,
_c1949
300 _a32 pages :
_bcolour illustrations ;
_c30 cm
336 _2rdacontent
_atext
337 _2rdamedia
_aunmediated
338 _2rdacarrier
_avolume
490 1 _atahun III, March 1949
650 1 0 _aMalay periodicals
830 0 _atahun III, March 1949
942 _ddc
_cB
999 _c110430
_d110430